00638 a2200193 4500952014700000999001700147003000400164005001700168008004100185020001800226040000900244082001800253100002100271245005200292250001200344260003600356300001000392942004200402 00102ddc40708DAIRYaMESbMEScDAIRYd2022-11-14e55g671.25l0o621.58 ARO/Rp42007r2022-11-14 00:00:00t1v895.00w2022-11-14yBKzU21R1 c41810d41810OSt20221114112122.0221114b ||||| |||| 00| 0 eng d a9789390385843 coclc a621.58bARO/R 99298aArora, C P aRefrigeration and air conditioning /cC P Arora a4th ed. aNew Delhi:bMc grawhill,c2021. a915 p 2ddccBKh621.56iARO/Rk621.56mARO/R